| 000 | 00815nam a2200253Ia 4500 | ||
|---|---|---|---|
| 003 | OSt | ||
| 005 | 20251030162558.0 | ||
| 008 | 210716s2016 xx 000 0 und d | ||
| 020 | _a9788126556809 | ||
| 040 | _cAIMIT LIBRARY | ||
| 041 | _aeng | ||
| 082 |
_a005.8 _21 _b AGRM |
||
| 100 |
_aAgrawal, Manish. _9243288 |
||
| 245 |
_aInformation security and it risk management / _cBy Manish Agrawal, Alex Campoe and Eric Pierce. |
||
| 250 | _a1st ed. | ||
| 260 |
_aNew Delhi : _bWiley India Pvt Ltd , _c2016. |
||
| 300 |
_axviii,414p. ; _bPB _c24 cm |
||
| 650 |
_aSystem administration _9243289 |
||
| 650 |
_aIdentity and access management _9243290 |
||
| 650 |
_aHardware and software controls _9243291 |
||
| 700 |
_aCampoe, Alex. _9243292 |
||
| 700 |
_aPierce, Eric. _9243293 |
||
| 942 |
_2ddc _cBK _e1st _k005.8 AGRM |
||
| 999 |
_c195633 _d195633 |
||